[Event "African Championship 2013 Open"]
[Site "Hotel Sol Phebus - Tunis"]
[Date "2013.05.22"]
[Round "5.3"]
[White "Adly, Ahmed"]
[Black "Bouzidi, Ahmed"]
[Result "1-0"]
[WhiteElo "2594"]
[BlackElo "2161"]
[PlyCount "95"]
[EventDate "2013.05.18"]
[EventRounds "9"]
[EventCountry "TUN"]

1. Nf3 Nf6 2. c4 e6 3. g3 b6 4. Bg2 Bb7 5. O-O Be7 6. d4 O-O 7. d5 exd5 8. Nh4
c6 9. cxd5 Nxd5 10. Nf5 Nc7 11. e4 d5 12. Re1 Re8 13. exd5 Nxd5 14. Nc3 Bf8 15.
Rxe8 Qxe8 16. Nxd5 cxd5 17. Be3 Nd7 18. Bd4 Ne5 19. Qd2 Qd7 20. Nh6+ gxh6 21.
Bxe5 Bg7 22. Bxg7 Kxg7 23. Rd1 Re8 24. Bf3 Qf5 25. Qc3+ Qe5 26. Qa3 Qf5 27. Kg2
a5 28. Qc3+ Qf6 29. Rd4 h5 30. Qd2 Re5 31. a3 Rf5 32. Bd1 Re5 33. h4 Re4 34.
Rd3 d4 35. Bf3 Qe5 36. Kh3 Qf5+ 37. Kh2 h6 38. Bxe4 Bxe4 39. Rb3 d3 40. Rxb6 f6
41. Qf4 Kg6 42. Rd6 Kf7 43. Qxf5 Bxf5 44. Kg2 Ke7 45. Rd4 Ke6 46. Kf3 Ke5 47.
Ke3 Bg6 48. b4 1-0

[Event "African Championship 2013 Open"]
[Site "Hotel Sol Phebus - Tunis"]
[Date "2013.05.22"]
[Round "5.4"]
[White "Abdel Razik, Khaled"]
[Black "Zaibi, Amir"]
[Result "1-0"]
[WhiteElo "2444"]
[BlackElo "2285"]
[PlyCount "67"]
[EventDate "2013.05.18"]
[EventRounds "9"]
[EventCountry "TUN"]

1. c4 b6 2. Nf3 Bb7 3. e3 e6 4. Be2 Nf6 5. b3 Be7 6. Bb2 O-O 7. O-O d5 8. d3
dxc4 9. bxc4 c5 10. Ne5 Nfd7 11. f4 Nxe5 12. fxe5 Bg5 13. Qd2 Nc6 14. Bf3 Rb8
15. Qe2 Ne7 16. Bxb7 Rxb7 17. Nc3 Nf5 18. Rf3 Rd7 19. Rd1 Qa8 20. Ne4 Be7 21.
Nf6+ Bxf6 22. exf6 Rfd8 23. fxg7 Nh4 24. Rh3 Qxg2+ 25. Qxg2 Nxg2 26. Kxg2 Rxd3
27. Rxd3 Rxd3 28. Rf3 a5 29. e4 Rd2+ 30. Rf2 Rd7 31. Bf6 a4 32. Rb2 Rd6 33. e5
Rc6 34. Kf3 1-0

[Event "African Championship 2013 Open"]
[Site "Hotel Sol Phebus - Tunis"]
[Date "2013.05.22"]
[Round "5.5"]
[White "Arab, Adlane"]
[Black "Sarwat, Walaa"]
[Result "0-1"]
[WhiteElo "2445"]
[BlackElo "2335"]
[PlyCount "94"]
[EventDate "2013.05.18"]
[EventRounds "9"]
[EventCountry "TUN"]

1. d4 d5 2. c4 c6 3. Nf3 Nf6 4. e3 g6 5. Nc3 Bg7 6. Be2 O-O 7. O-O a6 8. a4 a5
9. Qb3 Na6 10. cxd5 Nxd5 11. Nxd5 cxd5 12. Bd2 Nb8 13. Rfc1 Qd6 14. Rc5 b6 15.
Rxd5 Qf6 16. Rb5 Nd7 17. Ne5 Nxe5 18. dxe5 Qh4 19. Bc3 Ba6 20. Bf3 Bxb5 21.
Qxb5 Rab8 22. Bd4 Rfc8 23. Bc6 e6 24. Rc1 Qd8 25. g3 Bf8 26. Rc4 Bc5 27. h4 Rc7
28. h5 Rbc8 29. Bf3 Qd7 30. hxg6 hxg6 31. Bc3 Qe7 32. Rg4 Kg7 33. Be4 Rd7 34.
Qe2 Rh8 35. Qf3 Rh6 36. Bc6 Rd8 37. Rf4 Rdh8 38. Qg4 Qc7 39. Be4 Bb4 40. Qg5
Bxc3 41. Qf6+ Kg8 42. bxc3 Qd7 43. Bc2 Rh1+ 44. Kg2 Qd5+ 45. e4 Qd7 46. Bb3
R8h5 47. Kf3 g5 0-1

[Event "African Championship 2013 Open"]
[Site "Hotel Sol Phebus - Tunis"]
[Date "2013.05.22"]
[Round "5.6"]
[White "Haddouche, Mohamed"]
[Black "Bouaziz, Mehdi"]
[Result "1-0"]
[WhiteElo "2459"]
[BlackElo "2228"]
[PlyCount "56"]
[EventDate "2013.05.18"]
[EventRounds "9"]
[EventCountry "TUN"]

1. e4 c5 2. Nf3 Nc6 3. Bb5 Qb6 4. Nc3 e6 5. Bxc6 Qxc6 6. O-O a6 7. d4 cxd4 8.
Nxd4 Qc7 9. Re1 b5 10. Qf3 Bb7 11. Bf4 Qb6 12. Rad1 Nf6 13. Nd5 Nxd5 14. exd5
O-O-O 15. Qc3+ Qc5 16. Qa5 b4 17. Nc6 Bd6 18. Bxd6 Qxd6 19. Nxd8 Rxd8 20. dxe6
Qe7 21. exd7+ Rxd7 22. Qf5 Qd8 23. Rxd7 Qxd7 24. Re8+ Kc7 25. Qc5+ Qc6 26. Re7+
Kb8 27. Qxc6 Bxc6 28. Rxf7 Bd5 1-0

[Event "African Championship 2013 Open"]
[Site "Hotel Sol Phebus - Tunis"]
[Date "2013.05.22"]
[Round "5.7"]
[White "Van Den Heever, Donovan"]
[Black "Ezat, Mohamed"]
[Result "1/2-1/2"]
[WhiteElo "2280"]
[BlackElo "2454"]
[PlyCount "66"]
[EventDate "2013.05.18"]
[EventRounds "9"]
[EventCountry "TUN"]

1. e4 c6 2. d4 d5 3. e5 c5 4. dxc5 Nc6 5. Nf3 Bg4 6. c3 e6 7. b4 Bxf3 8. Qxf3
Nxe5 9. Bb5+ Nc6 10. Nd2 Nf6 11. Nb3 Be7 12. Na5 Qc8 13. Bf4 Ne4 14. Qd3 a6 15.
Bxc6+ bxc6 16. f3 Nf6 17. O-O O-O 18. Rfe1 Re8 19. a4 Nd7 20. Kh1 Bf6 21. Bd6
Nf8 22. Ra2 Bd8 23. Nb3 Bc7 24. Bxc7 Qxc7 25. Rae2 Ng6 26. g3 Qd7 27. f4 Kf8
28. Nd4 Qc7 29. f5 exf5 30. Rxe8+ Rxe8 31. Rxe8+ Kxe8 32. Qxa6 Ne7 33. Qa8+ Kd7
1/2-1/2

[Event "African Championship 2013 Open"]
[Site "Hotel Sol Phebus - Tunis"]
[Date "2013.05.22"]
[Round "5.8"]
[White "Njobvu, Ignatius"]
[Black "Belkhodja, Slim"]
[Result "1-0"]
[WhiteElo "2239"]
[BlackElo "2444"]
[PlyCount "98"]
[EventDate "2013.05.18"]
[EventRounds "9"]
[EventCountry "TUN"]

1. d4 b5 2. e3 Bb7 3. Nf3 a6 4. c4 bxc4 5. Bxc4 e6 6. Qb3 Nc6 7. Bd2 Rb8 8. Qd1
Nf6 9. Nc3 Be7 10. O-O O-O 11. Qe2 a5 12. Rfc1 Nb4 13. a3 d5 14. axb4 axb4 15.
Bb5 bxc3 16. Bxc3 c6 17. Ba5 Qd6 18. Bd3 Rfc8 19. Bb6 Nd7 20. Ba7 Ra8 21. b4 g6
22. Bc5 Nxc5 23. bxc5 Qc7 24. Qb2 Rcb8 25. Rcb1 Rxa1 26. Qxa1 Bc8 27. Rxb8 Qxb8
28. Ne5 Bb7 29. Nd7 Qc7 30. Nb6 e5 31. Qa7 exd4 32. exd4 Bf6 33. Na8 Qe7 34.
Kf1 Bxd4 35. Qb8+ Kg7 36. Nc7 Kh6 37. g3 Qf6 38. Qf8+ Qg7 39. Qe7 Qf6 40. Qf8+
Qg7 41. Qe7 Bf6 42. Qd7 Bh4 43. gxh4 Qd4 44. Be2 Qe4 45. f3 Qf4 46. Qe7 Qxh2
47. Qf8+ Kh5 48. f4+ Kxh4 49. Qh6+ Kg3 1-0

[Event "African Championship 2013 Open"]
[Site "Hotel Sol Phebus - Tunis"]
[Date "2013.05.22"]
[Round "5.9"]
[White "Hifad, Rachid"]
[Black "Taeib, Sahbi"]
[Result "1-0"]
[WhiteElo "2304"]
[BlackElo "2134"]
[PlyCount "103"]
[EventDate "2013.05.18"]
[EventRounds "9"]
[EventCountry "TUN"]

1. e4 c5 2. Nf3 e6 3. d3 Nc6 4. g3 g6 5. Bg2 Bg7 6. O-O Nge7 7. c3 d6 8. Nh4
O-O 9. f4 f5 10. a4 Rb8 11. Be3 Qb6 12. Na3 Qc7 13. Nb5 Qd8 14. Nf3 a6 15. Na3
b5 16. axb5 axb5 17. e5 dxe5 18. fxe5 Nxe5 19. Nxe5 Bxe5 20. Bxc5 Qc7 21. d4
Bd6 22. b4 Bd7 23. Nc2 Bxc5 24. dxc5 Bc6 25. Qd6 Qxd6 26. cxd6 Nd5 27. Nd4 Bd7
28. Bxd5 exd5 29. Ra7 Rf7 30. Nf3 Re8 31. Rc7 h6 32. Ra1 f4 33. Raa7 fxg3 34.
Rxd7 Rxf3 35. Rg7+ Kf8 36. Rh7 gxh2+ 37. Kxh2 Kg8 38. Rag7+ Kf8 39. d7 Rd8 40.
Rh8+ Kxg7 41. Rxd8 Rf7 42. Rg8+ Kxg8 43. d8=Q+ Kg7 44. Qxd5 Rf5 45. Qd4+ Kf7
46. c4 bxc4 47. Qxc4+ Ke7 48. Qc7+ Kf6 49. b5 Rh5+ 50. Kg3 Rg5+ 51. Kf3 Rf5+
52. Ke3 1-0

[Event "African Championship 2013 Open"]
[Site "Hotel Sol Phebus - Tunis"]
[Date "2013.05.22"]
[Round "5.10"]
[White "Amdouni, Zoubaier"]
[Black "Asabri, Hussien"]
[Result "1/2-1/2"]
[WhiteElo "2249"]
[BlackElo "2222"]
[PlyCount "80"]
[EventDate "2013.05.18"]
[EventRounds "9"]
[EventCountry "TUN"]

1. e4 e5 2. Nf3 Nc6 3. Bb5 a6 4. Ba4 Nf6 5. O-O b5 6. Bb3 Bc5 7. c3 d6 8. d4
Bb6 9. Be3 Bb7 10. Nbd2 O-O 11. Re1 h6 12. h3 Re8 13. d5 Ne7 14. Qe2 Ng6 15.
Bxb6 cxb6 16. Qe3 Nf4 17. a4 bxa4 18. Bxa4 b5 19. Bc2 N6h5 20. Kh2 Bc8 21. Ng1
Bd7 22. g3 Ng6 23. b4 Qc8 24. Ra3 Nf6 25. f3 h5 26. h4 Qb7 27. Rea1 Rec8 28.
Bd3 Ne8 29. Bf1 Ne7 30. R1a2 f5 31. Nh3 Nf6 32. Be2 fxe4 33. fxe4 Bg4 34. Nf2
Bxe2 35. Qxe2 Qb6 36. Nf3 Rc4 37. Kg2 Qc7 38. Qe3 Qc8 39. Ng5 Qb7 40. Ne6 Nexd5
1/2-1/2

[Event "African Championship 2013 Open"]
[Site "Hotel Sol Phebus - Tunis"]
[Date "2013.05.22"]
[Round "5.11"]
[White "Nassr, Ali"]
[Black "Nafri, Khalil"]
[Result "1-0"]
[WhiteElo "2070"]
[BlackElo "2191"]
[PlyCount "83"]
[EventDate "2013.05.18"]
[EventRounds "9"]
[EventCountry "TUN"]

1. e4 c5 2. c3 d5 3. exd5 Qxd5 4. d4 Nc6 5. Nf3 Bf5 6. Na3 cxd4 7. cxd4 O-O-O
8. Bc4 Qe4+ 9. Be3 e5 10. O-O exd4 11. Bd2 Bg4 12. Ng5 Bxd1 13. Nxe4 Bh5 14.
Ng5 Nh6 15. Rac1 Kb8 16. Nb5 a6 17. Bf4+ Kc8 18. Na7+ Kd7 19. Bd5 Bd6 20. Bxc6+
bxc6 21. Bxd6 Kxd6 22. Nxc6 Rc8 23. Nxd4 Rhe8 24. h3 f6 25. Ngf3 Bxf3 26. Nxf3
Rxc1 27. Rxc1 Re2 28. Rd1+ Kc5 29. Nd2 Nf5 30. Kf1 Re6 31. Nb3+ Kb4 32. g4 Rd6
33. Re1 Nh4 34. Re4+ Kb5 35. Ke2 Ng6 36. f4 a5 37. Nd4+ Kc5 38. Nf5 Rb6 39. b3
Rb4 40. Kf3 Rxe4 41. Kxe4 Kb4 42. Nxg7 1-0

[Event "African Championship 2013 Open"]
[Site "Hotel Sol Phebus - Tunis"]
[Date "2013.05.22"]
[Round "5.13"]
[White "Oliveira, Luciano"]
[Black "Miguel, Sergio"]
[Result "0-1"]
[WhiteElo "2189"]
[BlackElo "2218"]
[PlyCount "122"]
[EventDate "2013.05.18"]
[EventRounds "9"]
[EventCountry "TUN"]

1. Nf3 Nf6 2. g3 g6 3. Bg2 Bg7 4. O-O O-O 5. d3 d5 6. Nbd2 Nc6 7. c4 d4 8. Rb1
a5 9. b3 Bf5 10. a3 e5 11. Nh4 Be6 12. Qc2 Qd7 13. Re1 Bh3 14. Bh1 g5 15. Nhf3
h6 16. b4 axb4 17. axb4 Rfe8 18. b5 Nd8 19. Bg2 Bf5 20. Ne4 Nxe4 21. dxe4 Bg4
22. Nd2 Bxe2 23. Nb3 Bg4 24. Nc5 Qe7 25. Nd3 Ne6 26. Bd2 Nc5 27. Bb4 b6 28.
Bxc5 bxc5 29. Ra1 Qd6 30. Ra4 Rxa4 31. Qxa4 Bf8 32. Qa7 Be6 33. Rc1 f6 34. Qa4
Qb6 35. h3 Bd6 36. Ra1 Rc8 37. g4 c6 38. bxc6 Qxc6 39. Qc2 Ra8 40. Ra2 Ra6 41.
Rb2 Ra1+ 42. Nc1 Qa6 43. Bf1 Kf7 44. Kg2 Ra3 45. Ra2 Rxa2 46. Qxa2 Qxa2 47.
Nxa2 Bc7 48. Bd3 Ba5 49. Kf1 Bd2 50. Ke2 Bf4 51. Kd1 Ke7 52. Kc2 Kd6 53. Kb3
Kc6 54. Bc2 Kb6 55. Bd1 Bd7 56. Ka3 Ka5 57. Bc2 Bd2 58. Bd1 Be1 59. f3 Bb4+ 60.
Kb2 Ba4 61. Bb3 d3 0-1

[Event "African Championship 2013 Open"]
[Site "Hotel Sol Phebus - Tunis"]
[Date "2013.05.22"]
[Round "5.14"]
[White "Boudriga, Med Ali"]
[Black "Al-Zayat, Ahmed"]
[Result "1-0"]
[WhiteElo "2234"]
[BlackElo "2070"]
[PlyCount "117"]
[EventDate "2013.05.18"]
[EventRounds "9"]
[EventCountry "TUN"]

1. e4 Nc6 2. Nf3 d6 3. Bc4 Nf6 4. d3 Bg4 5. c3 e6 6. Nbd2 Be7 7. Bb3 O-O 8. h3
Bh5 9. Nf1 Bxf3 10. gxf3 d5 11. Qe2 dxe4 12. fxe4 Ne5 13. d4 Ng6 14. h4 h5 15.
Ng3 c5 16. dxc5 Ne5 17. Bc2 Bxc5 18. Bg5 Neg4 19. Rf1 Qb6 20. Bxf6 Nxf6 21. e5
Ng4 22. Nxh5 Nxf2 23. Rxf2 Bxf2+ 24. Qxf2 Qxf2+ 25. Kxf2 Rfd8 26. Be4 Rd2+ 27.
Ke3 Rh2 28. Rg1 Rh3+ 29. Bf3 Rxh4 30. Rxg7+ Kf8 31. Rg2 Rd8 32. Nf6 Ke7 33.
Bxb7 Rb8 34. Be4 Rb5 35. Kd4 Rh8 36. c4 Rbb8 37. c5 Rb4+ 38. Kc3 a5 39. a3 Rh3+
40. Bd3 Rb8 41. b4 Rd8 42. Rd2 Re3 43. Ne4 axb4+ 44. axb4 Rd5 45. Kc4 Rxe4+ 46.
Bxe4 Rxd2 47. b5 Kd8 48. b6 Re2 49. Bb7 Rb2 50. Ba6 Rb1 51. Bb5 Rc1+ 52. Kb4
Rb1+ 53. Ka5 Re1 54. c6 Rxe5 55. c7+ Kc8 56. Kb4 Rxb5+ 57. Kxb5 Kb7 58. Kc5 f5
59. Kd6 1-0

[Event "African Championship 2013 Open"]
[Site "Hotel Sol Phebus - Tunis"]
[Date "2013.05.24"]
[Round "6.2"]
[White "Adly, Ahmed"]
[Black "El Gindy, Essam"]
[Result "1-0"]
[WhiteElo "2594"]
[BlackElo "2482"]
[PlyCount "63"]
[EventDate "2013.05.18"]
[EventRounds "9"]
[EventCountry "TUN"]

1. Nf3 Nf6 2. c4 e6 3. g3 b6 4. Bg2 Bb7 5. O-O c5 6. Nc3 Be7 7. d4 cxd4 8. Qxd4
Nc6 9. Qf4 Qb8 10. Rd1 d6 11. b3 O-O 12. e4 Ne5 13. Ba3 a6 14. Qe3 Nxf3+ 15.
Bxf3 Nd7 16. Rd2 h6 17. h4 Rd8 18. Rad1 Nc5 19. e5 Bxf3 20. Qxf3 Ra7 21. Na4 d5
22. cxd5 Qxe5 23. d6 Rxd6 24. Rxd6 Bxd6 25. Nxb6 Be7 26. Nc8 Rc7 27. Nxe7+ Rxe7
28. Rc1 Rc7 29. Qc3 Qe2 30. Bxc5 Qxa2 31. Qd3 Qb2 32. Rc4 1-0

[Event "African Championship 2013 Open"]
[Site "Hotel Sol Phebus - Tunis"]
[Date "2013.05.24"]
[Round "6.3"]
[White "Sarwat, Walaa"]
[Black "Abdel Razik, Khaled"]
[Result "0-1"]
[WhiteElo "2335"]
[BlackElo "2444"]
[PlyCount "100"]
[EventDate "2013.05.18"]
[EventRounds "9"]
[EventCountry "TUN"]

1. e4 e6 2. d4 d5 3. Nc3 Nf6 4. Bg5 dxe4 5. Nxe4 Be7 6. Bxf6 gxf6 7. Nf3 b6 8.
Bc4 Bb7 9. Qe2 c6 10. h4 Qc7 11. O-O-O Nd7 12. Kb1 O-O-O 13. Ba6 Bxa6 14. Qxa6+
Kb8 15. c4 Rhg8 16. g3 Qb7 17. Qa4 f5 18. Nc3 Bf6 19. Qc2 b5 20. c5 Ka8 21. Ne2
Nb8 22. Ne5 Na6 23. Nf4 Nb4 24. Qe2 Nd5 25. Nfd3 Bxe5 26. Qxe5 Rg4 27. f3 Rgg8
28. Rhg1 h5 29. Qe2 Qc7 30. Ne5 Kb7 31. Qe1 Rg7 32. Qd2 f6 33. Nd3 Rxg3 34. Qh6
Rxf3 35. Qxh5 Rh3 36. Qh6 Rd7 37. Qf8 Rg3 38. h5 Ne3 39. Rxg3 Qxg3 40. Qe8 Rc7
41. Rc1 Nd5 42. Rd1 Qf3 43. Kc1 Qe4 44. a4 bxa4 45. h6 Ne3 46. Qg8 f4 47. h7
Rxh7 48. d5 Qc4+ 49. Kb1 Qc2+ 50. Ka2 Qb3+ 0-1

[Event "African Championship 2013 Open"]
[Site "Hotel Sol Phebus - Tunis"]
[Date "2013.05.24"]
[Round "6.4"]
[White "Haddouche, Mohamed"]
[Black "Adnani, Moklis"]
[Result "1-0"]
[WhiteElo "2459"]
[BlackElo "2365"]
[PlyCount "95"]
[EventDate "2013.05.18"]
[EventRounds "9"]
[EventCountry "TUN"]

1. e4 c5 2. Nf3 Nc6 3. Bb5 g6 4. O-O Bg7 5. Bxc6 bxc6 6. Re1 e5 7. c3 d6 8. d4
cxd4 9. cxd4 Bg4 10. dxe5 dxe5 11. Nbd2 Ne7 12. h3 Bxf3 13. Qxf3 O-O 14. Nc4
Qc8 15. Be3 Qe6 16. Rac1 Rfd8 17. Bc5 Rd7 18. Qb3 Bf8 19. Na5 Qxb3 20. axb3 Rb8
21. Red1 Rbd8 22. Rxd7 Rxd7 23. Kf1 f6 24. Bxe7 Bxe7 25. Nxc6 Kf7 26. Ke2 Bf8
27. b4 Ke6 28. b5 Bh6 29. Rc2 f5 30. f3 fxe4 31. fxe4 Bf4 32. b3 Bh2 33. Ra2
Bf4 34. Nb4 Rd4 35. Ra6+ Kd7 36. Rxa7+ Kd6 37. Ra6+ Kd7 38. Nd3 Rxe4+ 39. Kf2
Rd4 40. Nc5+ Ke7 41. b6 e4 42. Ra4 Rd2+ 43. Ke1 Rb2 44. Rxe4+ Kd6 45. Rxf4 Kxc5
46. Rb4 Kxb4 47. b7 Rxg2 48. b8=Q+ 1-0

[Event "African Championship 2013 Open"]
[Site "Hotel Sol Phebus - Tunis"]
[Date "2013.05.24"]
[Round "6.5"]
[White "Bouzidi, Ahmed"]
[Black "Hifad, Rachid"]
[Result "0-1"]
[WhiteElo "2161"]
[BlackElo "2304"]
[PlyCount "88"]
[EventDate "2013.05.18"]
[EventRounds "9"]
[EventCountry "TUN"]

1. e4 e6 2. d4 d5 3. Nc3 Nf6 4. Bg5 Be7 5. e5 Nfd7 6. h4 a6 7. Qg4 Bxg5 8. hxg5
c5 9. g6 f5 10. Rxh7 fxg4 11. Rxh8+ Ke7 12. Rxd8 Kxd8 13. f4 gxf3 14. Nxf3 cxd4
15. Ne2 Nc6 16. O-O-O Ncxe5 17. Nxe5 Nxe5 18. Nf4 Ke7 19. Re1 Kd6 20. Be2 Bd7
21. Rh1 Rf8 22. g3 Rf6 23. Rh7 Nxg6 24. Nh5 Rf7 25. Rxg7 Rxg7 26. Nxg7 e5 27.
Bh5 Nf8 28. g4 e4 29. b4 Nh7 30. Bg6 Ng5 31. Bf5 Bb5 32. Nh5 Ke5 33. Kd1 d3 34.
cxd3 Bxd3 35. a4 b6 36. Ng3 a5 37. bxa5 bxa5 38. Kd2 Bc4 39. Bd7 d4 40. Bc6 Kf4
41. Nh5+ Kxg4 42. Nf6+ Kf4 43. Bb5 e3+ 44. Kc1 e2 0-1

[Event "African Championship 2013 Open"]
[Site "Hotel Sol Phebus - Tunis"]
[Date "2013.05.24"]
[Round "6.6"]
[White "Zaibi, Amir"]
[Black "Njobvu, Ignatius"]
[Result "1/2-1/2"]
[WhiteElo "2285"]
[BlackElo "2239"]
[PlyCount "68"]
[EventDate "2013.05.18"]
[EventRounds "9"]
[EventCountry "TUN"]

1. e4 e6 2. d4 d5 3. exd5 exd5 4. Bd3 Nc6 5. c3 Bd6 6. Ne2 Qh4 7. Na3 a6 8. Qa4
Nf6 9. Nb5 Ng4 10. Nxd6+ cxd6 11. g3 Qf6 12. O-O Bf5 13. Qc2 Bxd3 14. Qxd3 O-O
15. f3 Nh6 16. Bxh6 Qxh6 17. Nf4 Ne7 18. Rae1 Rae8 19. Re3 g5 20. Ng2 Ng6 21.
Rfe1 Rxe3 22. Rxe3 Qh3 23. f4 gxf4 24. gxf4 Qxg2+ 25. Kxg2 Nxf4+ 26. Kf2 Nxd3+
27. Rxd3 Re8 28. Rg3+ Kf8 29. Rg5 Re6 30. Rxd5 Rf6+ 31. Kg3 Rg6+ 32. Kf3 Rh6
33. Kg3 Rg6+ 34. Kf3 Rh6 1/2-1/2

[Event "African Championship 2013 Open"]
[Site "Hotel Sol Phebus - Tunis"]
[Date "2013.05.24"]
[Round "6.7"]
[White "Ezat, Mohamed"]
[Black "Nassr, Ali"]
[Result "1/2-1/2"]
[WhiteElo "2454"]
[BlackElo "2070"]
[PlyCount "101"]
[EventDate "2013.05.18"]
[EventRounds "9"]
[EventCountry "TUN"]

1. d4 Nf6 2. c4 e6 3. Nc3 Bb4 4. e3 c5 5. a3 Bxc3+ 6. bxc3 d6 7. Bd3 e5 8. e4
Nc6 9. Ne2 O-O 10. O-O h6 11. f3 Re8 12. Be3 b6 13. Bf2 Ne7 14. a4 Ng6 15. a5
Bd7 16. axb6 axb6 17. Rxa8 Qxa8 18. Qb3 Rb8 19. Rb1 Qc6 20. Ra1 Qc7 21. Be3 Be6
22. f4 Bg4 23. fxe5 dxe5 24. Ng3 exd4 25. cxd4 cxd4 26. Bxd4 Ne5 27. Rb1 Nfd7
28. Bf1 Be6 29. Nh5 g6 30. Qg3 Rc8 31. Nf4 Bxc4 32. Rc1 b5 33. Nd5 Qd6 34. Qh3
Re8 35. Bxc4 bxc4 36. Qxh6 Nf6 37. Nxf6+ Qxf6 38. Rxc4 Qe6 39. Rc5 Qd6 40. Rd5
Qb8 41. Bxe5 Rxe5 42. Rxe5 Qxe5 43. Qe3 f5 44. Qb3+ Kg7 45. Qb7+ Kh6 46. Qd5
Qxe4 47. Qxe4 fxe4 48. Kf2 Kg5 49. Ke3 Kf5 50. g4+ Kxg4 51. Kxe4 1/2-1/2

[Event "African Championship 2013 Open"]
[Site "Hotel Sol Phebus - Tunis"]
[Date "2013.05.24"]
[Round "6.9"]
[White "Taeib, Sahbi"]
[Black "Arab, Adlane"]
[Result "0-1"]
[WhiteElo "2134"]
[BlackElo "2445"]
[PlyCount "94"]
[EventDate "2013.05.18"]
[EventRounds "9"]
[EventCountry "TUN"]

1. e4 c5 2. Nf3 Nc6 3. Bb5 d6 4. O-O Bg4 5. h3 Bh5 6. c3 Qb6 7. Na3 a6 8. Ba4
Nf6 9. d3 e6 10. Re1 Be7 11. Nc4 Qc7 12. Bxc6+ Qxc6 13. a4 b6 14. Bf4 O-O 15.
g4 Bg6 16. Nh4 b5 17. Nxg6 hxg6 18. Nd2 Nd7 19. Bg3 d5 20. exd5 Qxd5 21. Qf3
Qxf3 22. Nxf3 Nb6 23. a5 Nd5 24. d4 cxd4 25. Nxd4 Rac8 26. Rad1 Rfd8 27. Nc2 g5
28. Re4 Bc5 29. Kf1 b4 30. c4 Nf4 31. Rxd8+ Rxd8 32. Bxf4 gxf4 33. Ke2 b3 34.
Na1 f3+ 35. Kxf3 Rd1 36. Re5 Bd4 37. Re4 e5 38. Nxb3 Rd3+ 39. Ke2 Rxb3 40. f4
f6 41. c5 Rxb2+ 42. Kd3 Rb5 43. fxe5 fxe5 44. c6 Rc5 45. Re2 Rxc6 46. Ke4 Kf7
47. Kf5 Rc5 0-1

[Event "African Championship 2013 Open"]
[Site "Hotel Sol Phebus - Tunis"]
[Date "2013.05.24"]
[Round "6.12"]
[White "Miguel, Sergio"]
[Black "Nafri, Khalil"]
[Result "0-1"]
[WhiteElo "2218"]
[BlackElo "2191"]
[PlyCount "92"]
[EventDate "2013.05.18"]
[EventRounds "9"]
[EventCountry "TUN"]

1. e4 c5 2. Nf3 Nc6 3. d4 cxd4 4. Nxd4 g6 5. Nxc6 bxc6 6. Qd4 Nf6 7. e5 Nd5 8.
c4 Nb6 9. a4 a5 10. Be3 Rb8 11. Qc3 Na8 12. e6 f6 13. exd7+ Bxd7 14. Be2 Bg7
15. O-O O-O 16. Rd1 f5 17. Bd4 e5 18. Bc5 Rf7 19. Nd2 e4 20. Bd4 Bxd4 21. Qxd4
Nc7 22. Qc3 Ne6 23. c5 Rb4 24. Bc4 Qg5 25. Nf1 Nf4 26. Bxf7+ Kxf7 27. Rxd7+ Ke8
28. Qe5+ Kxd7 29. Qd6+ Ke8 30. Qxc6+ Kf8 31. Qc8+ Kg7 32. Qc7+ Kh6 33. Ng3 Rxb2
34. Qd6 Nh5 35. Nxh5 Kxh5 36. Qd4 Rd2 37. Qc3 e3 38. Rf1 f4 39. h4 Qg4 40. Qg7
h6 41. Qc3 g5 42. g3 fxg3 43. Qxe3 gxf2+ 44. Kh1 Re2 45. Qb3 Kxh4 46. Kh2 Re1
0-1

[Event "African Championship 2013 Open"]
[Site "Hotel Sol Phebus - Tunis"]
[Date "2013.05.25"]
[Round "7.1"]
[White "Hifad, Rachid"]
[Black "Amin, Bassem"]
[Result "0-1"]
[WhiteElo "2304"]
[BlackElo "2635"]
[PlyCount "76"]
[EventDate "2013.05.18"]
[EventRounds "9"]
[EventCountry "TUN"]

1. e4 e5 2. Nf3 Nc6 3. Bb5 a6 4. Ba4 Nf6 5. O-O Be7 6. Re1 b5 7. Bb3 O-O 8. h3
d6 9. c3 Nb8 10. d4 Nbd7 11. Nbd2 Bb7 12. Bc2 Re8 13. Nf1 Bf8 14. Ng3 g6 15. a4
c5 16. d5 c4 17. Bg5 h6 18. Be3 Nc5 19. Qd2 h5 20. Bg5 Be7 21. Ra3 Nh7 22. Be3
Qc7 23. Rea1 Reb8 24. axb5 $146 (24. Ne2 bxa4 25. Bxc5 Qxc5 26. Bxa4 Nf6 27.
Ng3 h4 28. Nxh4 Nxe4 29. Nxe4 Qxd5 30. Nxg6 fxg6 31. Re1 Qxd2 32. Nxd2 Bd5 {
Nanjo,R (2316)-Amin,B (2643) Istanbul ol (Men) 40th 2012 (8.1) 0-1}) 24... axb5
25. Qd1 Nf6 26. Ng5 Qd8 27. f4 $6 (27. Bxc5 dxc5 28. Nf3 Nd7 29. Ra7 Qb6 30.
Rxa8 Rxa8 31. Rxa8+ Bxa8 32. Qa1 Bb7 $13) 27... exf4 28. Bxf4 h4 29. Ne2 Nh5
30. Nf3 Nxf4 31. Nxf4 Bf6 32. Nd4 $2 {Diagramme [#]} b4 $1 $19 33. Rxa8 Rxa8
34. Rxa8 Qxa8 35. cxb4 Nd3 36. Nde2 Qa7+ 37. Kh2 Nxf4 38. Nxf4 Be5 0-1

[Event "African Championship 2013 Open"]
[Site "Hotel Sol Phebus - Tunis"]
[Date "2013.05.25"]
[Round "7.2"]
[White "Abdel Razik, Khaled"]
[Black "Adly, Ahmed"]
[Result "0-1"]
[WhiteElo "2444"]
[BlackElo "2594"]
[PlyCount "76"]
[EventDate "2013.05.18"]
[EventRounds "9"]
[EventCountry "TUN"]

1. Nf3 Nf6 2. d4 e6 3. c4 d5 4. g3 dxc4 5. Bg2 Nbd7 6. Qa4 a6 7. Qxc4 b5 8. Qc2
Bb7 9. O-O c5 10. Nbd2 Rc8 11. Qd3 cxd4 12. Qxd4 Bc5 13. Qh4 Be7 14. Qd4 O-O
15. Nb3 Nd5 16. Qd1 Qc7 17. Bd2 Qb8 18. Rc1 Bf6 19. Rxc8 Rxc8 20. Qb1 N5b6 21.
Na5 Bd5 22. Ng5 Bxg5 23. Bxg5 Bxg2 24. Kxg2 Qe5 25. Be3 Nd5 26. Rc1 Nxe3+ 27.
fxe3 Qd5+ 28. Kf2 Rxc1 29. Qxc1 Nc5 30. Nb3 Ne4+ 31. Kg1 g6 32. Qe1 Qg5 33. Qc1
Qf6 34. Nd4 Qf2+ 35. Kh1 e5 36. Nf3 Qxe2 37. Nxe5 Nf2+ 38. Kg1 Nd1 0-1

[Event "African Championship 2013 Open"]
[Site "Hotel Sol Phebus - Tunis"]
[Date "2013.05.25"]
[Round "7.3"]
[White "El Gindy, Essam"]
[Black "Haddouche, Mohamed"]
[Result "0-1"]
[WhiteElo "2482"]
[BlackElo "2459"]
[PlyCount "72"]
[EventDate "2013.05.18"]
[EventRounds "9"]
[EventCountry "TUN"]

1. d4 d6 2. e4 Nf6 3. f3 e5 4. d5 c6 5. c4 b5 6. dxc6 bxc4 7. Qa4 Qb6 8. c7+
Nc6 9. Nc3 Be7 10. Bxc4 O-O 11. Nge2 h6 12. Bb5 Bb7 13. Be3 Qxe3 14. Bxc6 Qb6
15. Bxb7 Qxb7 16. O-O Qxc7 17. Kh1 Rab8 18. Rab1 a5 19. Rfc1 Rb4 20. Qd1 Qb7
21. Qd2 Rd8 22. Rd1 Bf8 23. b3 Qa6 24. Qd3 Qa8 25. Rbc1 Rb7 26. Nd5 Nxd5 27.
Qxd5 a4 28. bxa4 Rb2 29. Qxa8 Rxa8 30. Nc3 Be7 31. Rb1 Rc2 32. Rdc1 Rd2 33. Rd1
Bg5 34. Rxd2 Bxd2 35. Nd5 Rxa4 36. Kg1 f5 0-1

[Event "African Championship 2013 Open"]
[Site "Hotel Sol Phebus - Tunis"]
[Date "2013.05.25"]
[Round "7.4"]
[White "Adnani, Moklis"]
[Black "Van Den Heever, Donovan"]
[Result "1-0"]
[WhiteElo "2365"]
[BlackElo "2280"]
[PlyCount "62"]
[EventDate "2013.05.18"]
[EventRounds "9"]
[EventCountry "TUN"]

1. e4 c5 2. Nc3 a6 3. g3 b5 4. Bg2 Bb7 5. d3 e6 6. Nh3 b4 7. Ne2 f5 8. O-O Nf6
9. exf5 Bxg2 10. Kxg2 exf5 11. d4 Nc6 12. Qd3 cxd4 13. Re1 Be7 14. Ng5 Qa5 15.
Nxd4 Qd5+ 16. Ngf3 Nxd4 17. Qxd4 Qxd4 18. Nxd4 g6 19. a3 Kf7 20. axb4 Bxb4 21.
c3 Bc5 22. Nf3 Rhe8 23. Ne5+ Kg7 24. Bg5 Ne4 25. Nxd7 Ba7 26. Rxa6 Nxg5 27.
Rxe8 Rxe8 28. Rxa7 Re2 29. Rb7 h5 30. h4 Nf7 31. Kf1 Rc2 1-0